Computer Science with C++ Class-XI (Record no. 11371)

MARC details
000 -LEADER
fixed length control field 00273nam a22000977a 4500
008 - FIXED-LENGTH DATA ELEMENTS--GENERAL INFORMATION
fixed length control field 190402b ||||| |||| 00| 0 eng d
020 ## - INTERNATIONAL STANDARD BOOK NUMBER
International Standard Book Number 9788177000252
100 ## - MAIN ENTRY--PERSONAL NAME
Personal name Arora Sumit
9 (RLIN) 7109
245 ## - TITLE STATEMENT
Title Computer Science with C++ Class-XI
260 ## - PUBLICATION, DISTRIBUTION, ETC. (IMPRINT)
Place of publication, distribution, etc. New Delhi
Name of publisher, distributor, etc. Dhanpat Rai & Co
Date of publication, distribution, etc. 2013
Holdings
Withdrawn status Lost status Source of classification or shelving scheme Damaged status Koha normalized classification for sorting Not for loan Home library Current library Shelving location Date acquired Total Checkouts Full call number Barcode Date last seen Date last checked out Price effective from Koha item type
    Dewey Decimal Classification   004_000000000000000_D9   Good Samaritan School Library Good Samaritan School Library Computer Science 04/02/2019 1 004 D-9 ARO15343 11/24/2025 10/22/2025 04/02/2019 BOOK

Powered by Koha